Visualizzazione normale
Vista MARC
- Annakin Ken
di Personal Name
Records bibliografici associati: 1
001 - CONTROL NUMBER
- control field: 41531
003 - CONTROL NUMBER IDENTIFIER
- control field: IT-RoPau
005 - DATE AND TIME OF LATEST TRANSACTION
- control field: 20151126171926.0
008 - FIXED-LENGTH DATA ELEMENTS
- fixed length control field: 151126|| aca||aabn | a|a d
040 ## - CATALOGING SOURCE
- Original cataloging agency: IT-RoPau
- Transcribing agency: IT-RoPau
100 ## - HEADING--PERSONAL NAME
- Personal name: Annakin Ken
- Relator term: (regista)
- Miscellaneous information: Codice regista SPICS: 58574
670 ## - SOURCE DATA FOUND
- Source citation: Work cat.: (IT-RoPau)105459: Annakin Ken Codice regista SPICS: 58574 41529, QUEI TEMERARI SULLE MACCHINE VOLANTI QUEI TEMERARI SULLE MACCHINE VOLANTI (Rif. Codice opera principale : H8930)